| 000 | 00975nam a2200301 a 4500 | ||
|---|---|---|---|
| 008 | |||
| 020 | _a9780323443562 (paperback) | ||
| 040 |
_aNUST _cNUST |
||
| 049 | _aMAIN | ||
| 090 |
_aRS122.95 _bDAV |
||
| 100 | 1 |
_aDavis, Karen., _aauthor. |
|
| 245 | 1 | 0 |
_aMosby's pharmacy technician : _bprinciples and practice/ _c Karen Davis & Anthony Guerra. |
| 250 | _aFifth edition. | ||
| 260 |
_aSt. Louis, Missouri : _bElsevier, _c2019. |
||
| 300 |
_axiv, 753 pages : _billustrations (chiefly colour) ; _c28 cm. |
||
| 336 |
_atext _btxt _2rdacontent |
||
| 337 |
_aunmediated _bn _2rdamedia |
||
| 338 |
_avolume _bnc _2rdacarrier |
||
| 500 | _aIncludes index. | ||
| 504 | _aIncludes bibliographical references. | ||
| 650 | 1 | _aPharmacy. | |
| 650 | _aPharmacy technicians. | ||
| 700 |
_aGuerra, Anthony., _aauthor. |
||
| 907 |
_a.b1041499x _b04-03-22 _c02-03-22 |
||
| 003 | |||
| 005 | 20230120204344.0 | ||
| 942 |
_cBOOKS _kRS122.95 _mDAV |
||
| 999 |
_c121766 _d121766 |
||